000 00724cam a2200205 i 4500
005 20251210103924.0
008 250721s2010 ua gr 000 0 ara d
082 1 4 _a216.22
_bم ص ر
100 1 _aالمصري، محمود
_eمؤلف.
245 1 0 _aفقة المسلم / كتاب الطهارة /
_cفضيلة الشيخ الدكتور محمود المصري أبو عمار.
250 _aالطبعة الأولى.
264 3 1 _aالقاهرة :
_bدار الصفا للنشر والتوزيع،
_c2010.
300 _a745 صفحة.
650 1 7 _aالعبادة.
650 1 7 _aالصلوات.
650 1 7 _aالوضوء.
650 1 7 _aالطهارة.
942 _2ddc
_cBK
999 _c139160
_d139160